000 00400nam a22001697a 4500
003 NUST
020 _a978-0-07-063434-3
038 _akhadija
082 _a670.285
_bIBR
100 _aZeid, Ibrahim
_986647
245 _aMastering CAD/CAM /
_cIbrahim Zeid
260 _aNew Delhi :
_bMcGraw Hill ,
_c2014.
300 _a932 p. ;
_b24 cm.
500 _aPaperback.
563 _aPB
942 _cBK
_2ddc
999 _c34079
_d34079